[Event "Chateauroux op"]
[Site "Chateauroux"]
[Date "2009.10.28"]
[Round "1"]
[White "Javet, Blaise"]
[Black "Grenier, David"]
[Result "1-0"]
[WhiteElo "2064"]
[BlackElo "1700"]
[PlyCount "27"]
[EventDate "2009.10.28"]
[EventType "swiss"]
[EventRounds "7"]
[EventCountry "FRA"]
[SourceTitle "EXT 2011"]
[Source "ChessBase"]
[SourceDate "2010.11.26"]
[SourceVersion "1"]
[SourceVersionDate "2010.11.26"]
[SourceQuality "1"]

1. e4 c6 2. d4 d5 3. exd5 cxd5 4. c4 e6 5. Nc3 Nf6 6. Nf3 Nc6 7. Bd3 Be7 8. 0-0 0-0 9. Bf4 Bd6 10. Bg5 h6 11. Bh4 Be7 12. Rc1 Qc7 13. Bg3 Bd6 14. Nb5 1-0